000 00756pam a2200265 i 4500
001 374951
003 SISC
005 20160404152815.0
008 780809s1978 nyua b 001 0 eng
010 _a 78012778
020 _a044636021X
040 _aDLC
_cDLC
_dDLC
050 0 0 _aHG 4921
_b.B76 1979
082 0 0 _aHS 332.678
_b.B82 1978
100 1 _aBrowne, Harry,
_d1933-2006.
_911834
245 1 0 _aNew profits from the monetary crisis /
_cHarry Browne.
260 _aU.S.A :
_bWarner Books,
_cc1979.
300 _a542 p. :
_bill. ;
_c18 cm.
500 _aIncludes index.
650 0 _aInvestments.
_99769
650 0 _aCurrency question.
_911833
906 _a7
_bcbc
_corignew
_d1
_eocip
_f19
_gy-gencatlg
942 _2lcc
_cBK
999 _c8923
_d8923